Ορφεύς ο μεγάλος μύστης και μουσικός, Ορφική λατρεία και Ορφική φιλοσοφία, ο Ορφεύς και η Άντισσα της Λέσβου

Αποθηκεύτηκε σε:
Λεπτομέρειες βιβλιογραφικής εγγραφής
Κύριος συγγραφέας: Φραγκέλης, Πάνος Λ.
Μορφή: Βιβλίο
Γλώσσα:Greek
Δημοσίευση: Αθήνα : Ελέυθερη Σκέψις, 1997
Θέματα:
Ετικέτες: Προσθήκη ετικέτας
Δεν υπάρχουν, Καταχωρήστε ετικέτα πρώτοι!

MARC

LEADER 00000cam a2200000 i 4500
001 1/27513
008 020919s1997 gre d
020 |a 960-7199-91-x 
035 |l 10068448 
040 |a GR-MY-UA  |b gre  |e aacr 
041 0 |a gre 
082 0 |a 292.08 
100 1 |a Φραγκέλης, Πάνος Λ. 
245 1 0 |a Ορφεύς ο μεγάλος μύστης και μουσικός, Ορφική λατρεία και Ορφική φιλοσοφία, ο Ορφεύς και η Άντισσα της Λέσβου /  |c Πάνος Λ. Φραγκέλλης 
246 3 4 |a Ορφεύς  |b ; ο μεγάλος μύστης και μουσικός 
260 |a Αθήνα :   |b Ελέυθερη Σκέψις,   |c 1997 
300 |a 216 σ.;  |b εικ.;  |c 21 εκ. 
504 |a Περιέχει βιβλιογραφικές αναφορές 
650 0 0 |a Orpheus (Greek mythology) 
650 0 0 |a Dionysia. 
852 |a INST  |b LESVOS  |e 20020919  |h 292.08 ΦΡΑ  |p 005100025100  |q 005100025100  |t BK  |y 0 
901 |a BIBL1-2002-3 
909 |a Λ  |b 099130 
970 |a ΚΑΜΑΤΣΟΥ  |b ΔΕΣΠΟΙΝΑ  |z 2002/09/19